Čto takoje iskusstvo ?

Bibliographic Details
Main Author: Tolstoj, Lev Nikolajevič, 1828-1910 (Author)
Format: Book
Language:English
PhysicalDescription:16 s.
Published: Ženeva Ukraynskaja typografija 1899

MARC

LEADER 00000nam a2200000 a 4500
001 vtls008296255
003 SK-MaSNL
005 20260301220022.0
008 240315 000 0 eng
040 |a SNK  |b slo  |c SNK  |e AACR2 
100 1 |a Tolstoj, Lev Nikolajevič,  |d 1828-1910  |4 aut  |9 14566 
245 1 |a Čto takoje iskusstvo ? 
260 |a Ženeva  |b Ukraynskaja typografija  |c 1899 
300 |a 16 s. 
999 |c 930338  |d 932268 
952 |a SNK  |b SNK  |y VYP  |7 0  |p 17A0483372  |o snkID 80028  |i snkF 389/84  |3 rekatalogizácia  |0 0  |1 0  |4 0  |d 2005-09-05  |l 0  |r 2026-02-24 08:46:17  |w 2026-02-24